000 00281nam a2200109Ia 4500
008 190216s9999||||xx |||||||||||||| ||und||
100 _aVeera Raghavan Nair
245 0 _aNalekanunnavane Innu Kanunnilla
260 _bNational Book Stall
650 _aMalayalam Nadakam
942 _cBK
999 _c24362
_d24362